000 00444nam a2200169Ia 4500
008 240729s9999 xx 000 0 und d
022 _a0975-3133
245 0 _aConservation & Society
260 _aIndia
260 _bWolters Kluwer Medknow Publications
650 _a Biology (General)
650 _a Ecology
650 _aScience
856 _uhttps://doaj.org/toc/c50941c1df9a42deb7abada7232a9bae
942 _2ddc
942 _cDOAJEJ
999 _c72889
_d72889
945 _a1
_bMadushi Gamage
_c1
_dMadushi Gamage